Suplementación energética de bovinos a pastoreo : efecto de niveles moderados de suplemento sobre la dinámica de digestión de la dieta basal /
Guardado en:
| Otros Autores: | , , |
|---|---|
| Formato: | Manuscrito |
| Idioma: | Spanish |
| Publicado: |
2016.
|
| Materias: | |
| Acceso en línea: | Texto completo |
| Etiquetas: |
Agregar Etiqueta
Sin Etiquetas, Sea el primero en etiquetar este registro!
|
| LEADER | 01453ntm a22003375a 4500 | ||
|---|---|---|---|
| 001 | EEA.libagro010880 | ||
| 005 | 20170817131433.0 | ||
| 008 | 170714s2016####ag#######bm###000#0#spa#d | ||
| 082 | 0 | 4 | |a 040 |2 15 |
| 082 | 0 | 4 | |a 636.085 |2 19 |
| 100 | 1 | |a Fuentes, María Elena. |4 dis | |
| 245 | 1 | 0 | |a Suplementación energética de bovinos a pastoreo : |b efecto de niveles moderados de suplemento sobre la dinámica de digestión de la dieta basal / |c María Elena Fuentes. |
| 260 | |c 2016. | ||
| 300 | |a xi, 84 h. : |b il. col. ; |c 30 cm. | ||
| 500 | |a Director de tesis: Néstor Stritzler; co-dirección: Hugo Arelovich. | ||
| 500 | |a "Tesis de Magister en Ciencias Agrarias". | ||
| 502 | |a Tesis (magíster)--Universidad Nacional del Sur. Departamento de Agronomía, 2016. | ||
| 504 | |a Incluye referencias bibliográficas. | ||
| 530 | |a Disponible también en formato digital. | ||
| 650 | 7 | |a Ciencias agrarias. |2 unbist | |
| 650 | 7 | |a Ganado vacuno. |2 unbist | |
| 650 | 7 | |a Nutrición animal. |2 unbist | |
| 650 | 7 | |a Pastoreo. |2 unbist | |
| 653 | |a Suplementación energética | ||
| 653 | |a Ambiente ruminal | ||
| 653 | |a Degradabilidad | ||
| 700 | 1 | |a Stritzler, Néstor R. |4 ths | |
| 700 | 1 | |a Arelovich, Hugo M. |q (Hugo Mario) |4 ths | |
| 710 | 2 | |a Universidad Nacional del Sur. |b Departamento de Agronomía |4 dgg. | |
| 856 | 4 | 1 | |u http://repositoriodigital.uns.edu.ar/handle/123456789/3591 |3 Texto completo |
| 859 | |a AR-BbBCA |b BIB. AGRONOMIA |h 040 |i B148 2016-1483fu |p 126192/017 | ||
